000 00644nam a2200193Ia 4500
008 140609s9999 xx 000 0 und d
020 _a9781133307532
050 _aLB 3051
_b.Sa245 2013
100 _aSalvia, John.
245 _aAssessment in special and inclusive education /
_cJohn Salvia, James E. Ysseldyke, Sara Bolt
250 _a12th ed.
260 _aBelmont, CA :
_bWadsworth/Cencage Learning,
_cc2013.
300 _a409 p. :
_bcol. ill. ;
_c28 cm.
500 _aIncludes glossary, bibliographical references and index.
521 _aSPED
650 _aRemedial teaching
_xUnited States.
942 _kFOR
_cBK
999 _c117962
_d117962